000 00365nam a2200145Ia 4500
008 150201s2011 xx 000 0 und d
082 _a611
_bH2011C
100 _aCHAURASIA
245 _aHUMAN ANATOMY FOR DENTAL STUDENTS
250 _a1ST
260 _bC.B.S PUBLISHERS & DISTRIBUTERS
_aDELHI
_c2011
300 _a1-670
650 _aANATOMY
942 _2ddc
_cBK
_012
999 _c4724
_d4724